Fr. Conceicao Rodrigues College of Engineering

DIY instruments fro amateur space :Inventing utility for your spacecraft once it archieves orbit (Record no. 21744)

MARC details
000 -LEADER
fixed length control field 00365nam a2200145Ia 4500
082 ## - DEWEY DECIMAL CLASSIFICATION NUMBER
Item number AUT
100 ## - MAIN ENTRY--PERSONAL NAME
Personal name Autunes/Sandy
245 ## - TITLE STATEMENT
Title DIY instruments fro amateur space :Inventing utility for your spacecraft once it archieves orbit
260 ## - PUBLICATION, DISTRIBUTION, ETC.
Name of publisher, distributor, etc. Shroff
Date of publication, distribution, etc. 2013
300 ## - PHYSICAL DESCRIPTION
Extent 104
546 ## - LANGUAGE NOTE
Language note ENGLISH
650 ## - SUBJECT ADDED ENTRY--TOPICAL TERM
Topical term or geographic name entry element spacecraft
654 ## - SUBJECT ADDED ENTRY--FACETED TOPICAL TERMS
Focus term spacecraft
942 ## - ADDED ENTRY ELEMENTS (KOHA)
Koha item type BOOK
Holdings
Withdrawn status Lost status Damaged status Not for loan Collection Home library Current library Date acquired Source of acquisition Cost, normal purchase price Inventory number Total Checkouts Full call number Barcode Date last seen Cost, replacement price Price effective from Koha item type
        CRC Fr. Agnel's C.Rodrigues College of Engineering Fr. Agnel's C.Rodrigues College of Engineering 17/03/2023 Shroff Publishers 200.00 4112 dt 20.01.2018   AUT 25065 17/03/2023 200.00   BOOK